[Event "BCF-chT2 9798 (4NCL)"]
[Site "England"]
[Date "1998.05.23"]
[Round "9.6"]
[White "Kenworthy, Gary"]
[Black "Palliser, Richard"]
[Result "1-0"]
[WhiteElo "2265"]
[BlackElo "2165"]
[PlyCount "101"]
[EventDate "1997.11.??"]
[EventType "team"]
[EventRounds "11"]
[EventCountry "ENG"]
[SourceTitle "EXT 1999"]
[Source "ChessBase"]
[SourceDate "1998.11.16"]
[SourceVersion "1"]
[SourceVersionDate "1998.11.16"]
[SourceQuality "1"]
[WhiteTeam "Barbican II"]
[BlackTeam "White Rose"]
[WhiteTeamCountry "ENG"]
[BlackTeamCountry "ENG"]

1. e4 c5 2. Nf3 Nc6 3. d4 cxd4 4. Nxd4 g6 5. c4 Bg7 6. Be3 Nf6 7. Nc3 0-0 8. Nc2 b6 9. Be2 Bb7 10. Qd2 d6 11. 0-0 Qb8 12. b3 Rd8 13. f4 Rd7 14. Rad1 Qf8 15. Bf3 Rb8 16. g4 Rdd8 17. g5 Nd7 18. Bg2 a6 19. Nd5 b5 20. cxb5 axb5 21. f5 Be5 22. Qe2 b4 23. fxg6 hxg6 24. Ncxb4 Nxb4 25. Nxb4 Nc5 26. Nd5 Ba6 27. Qd2 Bxf1 28. Rxf1 e6 29. Nf6+ Bxf6 30. gxf6 d5 31. exd5 exd5 32. Bh6 Ne4 33. Qf4 Qc5+ 34. Kh1 Rb4 35. Bg7 g5 36. Qf3 Nd2 37. Qh5 Rh4 38. Qxg5 Rxh2+ 39. Kxh2 Nxf1+ 40. Bxf1 Qc2+ 41. Kg1 Qg6 42. Qxg6 fxg6 43. a4 d4 44. Bd3 Kh7 45. a5 Rb8 46. Bc4 d3 47. Kf2 d2 48. Ke2 Rd8 49. Kd1 g5 50. Be2 Kg6 51. a6 1-0

[Event "EU-Cup 13th Group2"]
[Site "Eupen"]
[Date "1997.09.22"]
[Round "1"]
[White "Nataf, Igor Alexandre"]
[Black "Kenworthy, Gary"]
[Result "1-0"]
[WhiteElo "2440"]
[BlackElo "2265"]
[PlyCount "65"]
[EventDate "1997.09.22"]
[EventType "team-k.o."]
[EventRounds "3"]
[EventCountry "BEL"]
[SourceTitle "EXT 2020"]
[Source "ChessBase"]
[SourceDate "2019.10.17"]
[SourceVersion "1"]
[SourceVersionDate "2019.10.17"]
[SourceQuality "1"]
[WhiteTeam "Clichy Echecs 92"]
[BlackTeam "London Barbican"]
[WhiteTeamCountry "FRA"]
[BlackTeamCountry "ENG"]

1. e4 c5 2. Nf3 e6 3. d4 cxd4 4. Nxd4 a6 5. Nc3 Qc7 6. Be2 b5 7. 0-0 Bb7 8. Re1 Be7 9. Bf3 d6 10. a4 bxa4 11. Bh5 g6 12. Be2 Nd7 13. Rxa4 Nb6 14. Ra2 Nf6 15. Bh6 Rg8 16. Bg5 Nbd7 17. Bf1 h6 18. Be3 g5 19. Qa1 Nc5 20. b4 Ncxe4 21. Nxe4 Bxe4 22. Bxa6 Kf8 23. Bd3 Rxa2 24. Qxa2 Bxd3 25. cxd3 Qb7 26. b5 Nd5 27. Qa6 Qxa6 28. bxa6 Kg7 29. a7 Nc7 30. Rb1 Na8 31. Rb7 Re8 32. Nb5 d5 33. Rb8 1-0